00888nam a2200241 i 450000100060000000300090000600500170001500700030003200800410003502000180007610000300009424501570012425000240028126000340030530000330033950000120037265000340038470000300041870000280044885200320047699900170050895201210052589763ES-MaACL20230906180250.0t|050112s1986 sp ||||1| spa d a84-311-0176-80 aLaunay, Clément.97060110aTrastornos del lenguaje, la palabra y la voz en el niño / cpor Clément Launay y S. Borel-Maissony ; traducción y adaptación de Jorge Perelló. a2ª ed., 2ª reimp. aBarcelona : bMasson, c1986. aX, 406 p. : bil. ; c25 cm. aIndice.04aLenguaje-xTrastornos.9143471 aBorel-Maissony, S.9304361 aPerello, Jorge.9199715 aES-MaACLjG-1540 bR.114374 c89763d89763 00104070aATENEOMbATENEOMcDEPO2d2008-01-17eSCl0oG-1540p1093745r2023-02-23 00:00:00w2023-02-23yMONOGRAFIA